00438nam a2200193Ia 4500008004000000041000800040082001200048100002200060245005100082260003200133650000800165650001000173650000700183650001500190650001100205650001000216650001200226650000600238210210b1962 xxu||||| |||| 00| 0 eng d aeng a825/502 aKNIGHT (G Wilson) aGolden labyrinth: a study of the british drama aLondonbPhoenix Housec1962 athe astudy aof alabyrinth: aGolden adrama abritish aa